ក្តារខៀន / (Record no. 8120)
[ view plain ]
| 000 -LEADER | |
|---|---|
| fixed length control field | 01792nam a22003017a 4500 |
| 001 - CONTROL NUMBER | |
| control field | 8120 |
| 003 - CONTROL NUMBER IDENTIFIER | |
| control field | FISKH |
| 005 - DATE AND TIME OF LATEST TRANSACTION | |
| control field | 20250827113054.0 |
| 008 - FIXED-LENGTH DATA ELEMENTS--GENERAL INFORMATION | |
| fixed length control field | 250827b cb ||||| |||| 00| 0 eng d |
| 020 ## - INTERNATIONAL STANDARD BOOK NUMBER | |
| International Standard Book Number | 9789996336010 |
| 040 ## - CATALOGING SOURCE | |
| Original cataloging agency | FISKH |
| Language of cataloging | khr |
| Transcribing agency | FISKH |
| Modifying agency | FISKH |
| 050 ## - LIBRARY OF CONGRESS CALL NUMBER | |
| Classification number | PZ7 |
| 100 ## - MAIN ENTRY--PERSONAL NAME | |
| Personal name | Tithseiha, Iem |
| 245 ## - TITLE STATEMENT | |
| Title | ក្តារខៀន / |
| Statement of responsibility, etc. | អ្នកនិពន្ធ លោក អៀម ទិត្យសីហា , វិចិត្រករ លោក កែវ ផុនផល្លា |
| 260 ## - PUBLICATION, DISTRIBUTION, ETC. | |
| Place of publication, distribution, etc. | ភ្នំពេញ : |
| Name of publisher, distributor, etc. | Room to Read |
| Date of publication, distribution, etc. | 2011. |
| 300 ## - PHYSICAL DESCRIPTION | |
| Extent | 14 pages : |
| Other physical details | color illustrations ; |
| Dimensions | 25 cm . |
| 505 ## - FORMATTED CONTENTS NOTE | |
| Formatted contents note | O <br/> |
| 520 ## - SUMMARY, ETC. | |
| Summary, etc. | វិរះមិនចូលចិត្តឡើងក្តារខៀនទេ ព្រោះគេមិនចូលចិត្តធ្វើលំហាត់។ ពេលអ្នកគ្រូហៅវិរះអោយឡើងធ្វើលំហាត់លើក្តារខៀន ពេលនោះក្តារខៀនតែងតែសើចចំអក ញាក់មុខ ញាក់មាត់ដាក់វិរះ ។ តើមានអ្វីកើតឡើងនៅពេលដែលវិរះខំប្រឹងរៀន ? |
| 520 ## - SUMMARY, ETC. | |
| Summary, etc. | Vireak does not like going to the blackboard to do exercises. When he doesn't know the answer, the blackboard ridiculules him . Guess what happens when Vireak begins to study hard ? |
| 521 8# - TARGET AUDIENCE NOTE | |
| Target audience note | 600 <br/> |
| Source | Lexile estimate <br/> |
| 521 8# - TARGET AUDIENCE NOTE | |
| Target audience note | O <br/> |
| Source | Raz-Plus <br/> |
| 650 ## - SUBJECT ADDED ENTRY--TOPICAL TERM | |
| Topical term or geographic name entry element | ក្តារខៀន |
| Form subdivision | រឿងនិទានកុមារ |
| 650 ## - SUBJECT ADDED ENTRY--TOPICAL TERM | |
| Topical term or geographic name entry element | Blackboard |
| Form subdivision | Children's stories |
| 700 ## - ADDED ENTRY--PERSONAL NAME | |
| Personal name | Phunphalla, Keo |
| Relator term | Illustrator |
| 700 ## - ADDED ENTRY--PERSONAL NAME | |
| Personal name | Room to Read Cambodia |
| Relator term | Editor |
| 942 ## - ADDED ENTRY ELEMENTS (KOHA) | |
| Source of classification or shelving scheme | Dewey Decimal Classification |
| Koha item type | Khmer Books |
| Suppress in OPAC | No |
| Withdrawn status | Lost status | Source of classification or shelving scheme | Damaged status | Not for loan | Home library | Current library | Shelving location | Date acquired | Total Checkouts | Full call number | Barcode | Date last seen | Copy number | Price effective from | Koha item type |
|---|---|---|---|---|---|---|---|---|---|---|---|---|---|---|---|
| Dewey Decimal Classification | Footprints International School Library Network Toul Tom Poung Campus | Footprints International School Library Network Toul Tom Poung Campus | TTP Primary Khmer Bookshelves | 08/27/2025 | TIT PZ7 | 2025-4275 | 08/27/2025 | 1 | 08/27/2025 | Khmer Books | |||||
| Dewey Decimal Classification | Footprints International School Library Network Toul Tom Poung Campus | Footprints International School Library Network Toul Tom Poung Campus | TTP Primary Khmer Bookshelves | 11/11/2025 | TIT PZ7 | FISBK04189 | 11/11/2025 | 2 | 11/11/2025 | Khmer Books | |||||
| Dewey Decimal Classification | Footprints International School Library Network Toul Tom Poung Campus | Footprints International School Library Network Toul Tom Poung Campus | TTP Primary Khmer Bookshelves | 11/11/2025 | TIT PZ7 | FISBK04188 | 11/11/2025 | 3 | 11/11/2025 | Khmer Books |
